[Event "34. Bayerische Senioren EM"]
[Site "Bergen im Chiemgau"]
[Date "2024.05.31"]
[Round "4.7"]
[White "Röder, Frank"]
[Black "Brettschneider, Karl"]
[Result "1-0"]
[BlackElo "1965"]
[BlackTeam "SC Leinfelden"]
[EventDate "2024.??.??"]
[PlyCount "65"]
[WhiteElo "2279"]
[WhiteTeam "SV Altensittenbach"]

1. e4 c5 2. c3 e6 3. d4 cxd4 4. cxd4 d5 5. e5 Nc6 6. Nf3 Bb4+ 7. Bd2 Qb6 8. a3
Bxd2+ 9. Qxd2 Nge7 10. Nc3 O-O 11. Bd3 f5 12. Na4 Qa5 13. Nc5 Qxd2+ 14. Kxd2 h6
15. h4 Kf7 16. b4 a6 17. Rhc1 Rd8 18. Rab1 b6 19. Na4 b5 20. Nc5 Rb8 21. Rc2
Rb6 22. g3 Ke8 23. Ke3 Bd7 24. Nd2 Ng6 25. Ndb3 Nf8 26. Rbc1 Rc8 27. h5 Ke7 28.
f3 Be8 29. g4 g6 30. hxg6 Bxg6 31. Nxe6 fxg4 32. Nf4 Bf7 33. fxg4  1-0

[Event "34. Bayerische Senioren EM"]
[Site "Bergen im Chiemgau"]
[Date "2024.05.31"]
[Round "4.8"]
[White "Pieper, Thomas"]
[Black "Limbach, Torsten"]
[Result "1/2-1/2"]
[WhiteElo "2170"]
[BlackElo "1945"]
[PlyCount "69"]
[EventDate "2024.??.??"]
[WhiteTeam "SC Gröbenzell"]
[BlackTeam "SV Großhansdorf"]

{[%evp 0,69,16,11,69,69,47,29,34,34,89,68,50,46,53,49,29,31,61,34,52,37,43,43,
47,37,56,27,53,24,40,23,44,20,33,23,28,7,11,4,6,6,7,12,17,23,44,18,0,-24,-15,
-12,-14,-20,-19,-14,-17,-26,-26,-26,-9,-8,9,0,5,-18,-26,-35,-8,-41,-17,0]} 1.
e4 c5 2. Nf3 Nc6 3. d4 cxd4 4. Nxd4 g6 5. Nc3 Bg7 6. Be3 Nf6 7. Bc4 O-O 8. Bb3
a5 9. O-O d6 10. h3 Nxd4 11. Bxd4 Bd7 12. a4 Bc6 13. f4 Nd7 14. Nd5 Bxd4+ 15.
Qxd4 Bxd5 16. Bxd5 Rb8 17. Rad1 Qb6 18. Rf3 Rfc8 19. Qxb6 Nxb6 20. Bb3 Rc5 21.
e5 dxe5 22. fxe5 e6 23. Rdf1 Rc7 24. R1f2 Rd8 25. c3 Rdd7 26. Rf4 Rc5 27. Re2
Rdc7 28. h4 Nd7 29. Rfe4 Nb6 30. g4 Rd7 31. h5 Kg7 32. hxg6 hxg6 33. g5 Rc8 34.
Rh2 Rh8 35. Rxh8 1/2-1/2

[Event "34. Bayerische Senioren EM"]
[Site "Bergen im Chiemgau"]
[Date "2024.05.31"]
[Round "4.9"]
[White "Korat, Bernard"]
[Black "Hess, Christian"]
[Result "1/2-1/2"]
[BlackElo "2157"]
[BlackTeam "FC ST.Pauli"]
[EventDate "2024.??.??"]
[PlyCount "59"]
[WhiteElo "1943"]
[WhiteTeam "vereinslos"]

1. d4 d5 2. c4 c6 3. Nc3 Nf6 4. Nf3 dxc4 5. a4 Bf5 6. e3 e6 7. Bxc4 Bb4 8. Bd2
O-O 9. O-O Nbd7 10. Re1 Bg4 11. Be2 a5 12. Qc2 Bf5 13. Bd3 Bxd3 14. Qxd3 Qc7
15. Rac1 Rad8 16. Qc2 e5 17. Rcd1 Qb8 18. Ne4 Bxd2 19. Nexd2 Rfe8 20. dxe5 Nxe5
21. Nxe5 Qxe5 22. Nf3 Qe4 23. Qb3 Qb4 24. Qc2 h6 25. h3 Rd5 26. Rxd5 Nxd5 27.
Rd1 Qe7 28. Qc4 Qf6 29. Qb3 Qe7 30. Qc4  1/2-1/2

[Event "34. Bayerische Senioren EM"]
[Site "Bergen im Chiemgau"]
[Date "2024.05.31"]
[Round "4.10"]
[White "Schatz, Christian"]
[Black "Fischer, Manfred"]
[Result "1-0"]
[WhiteElo "2150"]
[BlackElo "1949"]
[PlyCount "105"]
[EventDate "2024.??.??"]
[WhiteTeam "SC Postbauer-Heng"]
[BlackTeam "SK Töging"]

{[%evp 0,105,16,14,86,104,87,50,72,67,74,74,66,38,37,30,40,21,56,-6,32,33,60,
41,61,87,65,73,73,42,42,69,57,48,39,3,31,30,85,95,116,62,65,57,55,55,69,78,85,
94,95,101,101,106,95,117,122,114,116,129,138,132,148,127,135,129,170,152,151,
163,173,156,164,182,183,193,213,223,220,208,241,268,288,260,254,275,284,397,
399,402,425,312,470,312,344,308,746,530,564,566,568,424,502,473,540,520,638,
660]} 1. Nf3 g6 2. e4 Bg7 3. d4 d6 4. Bc4 e6 5. O-O Ne7 6. Bb3 O-O 7. Be3 Nbc6
8. Qd2 d5 9. e5 b6 10. Bg5 Na5 11. Re1 c5 12. dxc5 Nxb3 13. axb3 bxc5 14. Qa5
Qxa5 15. Rxa5 Nc6 16. Rxc5 Bb7 17. Na3 a6 18. Bf6 Bxf6 19. exf6 Rfd8 20. Rd1
Rac8 21. Kf1 h6 22. h4 h5 23. c3 Kf8 24. Nc2 Nb8 25. Rxc8 Rxc8 26. Ne5 Ke8 27.
Nd4 Nd7 28. Nxd7 Kxd7 29. f4 a5 30. Kf2 Kd6 31. Nf3 Bc6 32. Ne5 Rc7 33. Nc4+
Kc5 34. Nxa5 Kb6 35. b4 Bb5 36. Ke3 Rc8 37. Ra1 Rc7 38. Nb3 Rc8 39. Nc5 Rc7 40.
Ra8 Bf1 41. Kf2 Bb5 42. Ke3 Bf1 43. g3 Bb5 44. Kd4 Bc6 45. Rb8+ Ka7 46. Rd8 Kb6
47. Ke5 Bb5 48. Kd6 Rc6+ 49. Ke7 Rc7+ 50. Kf8 Ra7 51. Rb8+ Kc6 52. Re8 Kd6 53.
Re7 1-0

[Event "34. Bayerische Senioren EM"]
[Site "Bergen im Chiemgau"]
[Date "2024.05.31"]
[Round "4.11"]
[White "Röder, Gerd"]
[Black "Kell, Stefan"]
[Result "0-1"]
[WhiteElo "2139"]
[BlackElo "1933"]
[PlyCount "120"]
[EventDate "2024.??.??"]
[WhiteTeam "SV Altensittenbach"]
[BlackTeam "SK Mangfalltal"]

{[%evp 0,107,16,13,29,13,13,3,8,-14,-24,-39,-34,-36,-28,-30,-26,-17,24,3,9,4,9,
16,16,-52,0,18,61,20,33,13,74,74,69,0,0,0,0,-173,-136,-329,-326,-326,-337,-380,
-377,-392,-396,-396,-406,-406,-409,-409,-419,-427,-431,-463,-389,-424,-424,
-429,-432,-421,-421,-418,-486,-495,-495,-643,-470,-436,-469,-469,-481,-641,
-592,-809,-833,-1076,-591,-598,-608,-596,-508,-517,-523,-561,-574,-594,-614,
-615,-626,-697,-626,-649,-621,-595,-633,-682,-696,-693,-706,-712,-734,-755,
-740,-751,-762,-768]} 1. e4 e5 2. Nc3 Nf6 3. f4 d5 4. fxe5 Nxe4 5. Nf3 Be7 6.
Qe2 Nxc3 7. dxc3 Nc6 8. Bf4 Be6 9. O-O-O Qd7 10. h3 O-O-O 11. Qf2 Kb8 12. g4
Na5 13. Kb1 d4 14. Rxd4 Qc6 15. Bg2 Bc5 16. Rxd8+ Rxd8 17. Be3 Bxe3 18. Qxe3
Nc4 19. Qf2 Nxb2 20. Kxb2 Qb5+ 21. Kc1 Qa5 22. Nd2 Qa3+ 23. Kd1 Qxc3 24. Ke1
Bc4 25. Qf4 Rd4 26. Qxd4 Qxd4 27. Nxc4 Qxc4 28. Rf1 Qxa2 29. Kd2 Qa5+ 30. Kd3
Qxe5 31. Rxf7 a5 32. Rf8+ Ka7 33. Rf5 Qg3+ 34. Bf3 Qxh3 35. Rxa5+ Kb6 36. Rf5
h5 37. Kc4 c6 38. Rf4 Qf1+ 39. Kb3 Qb1+ 40. Kc3 Qc1 41. Rb4+ Kc7 42. Kd3 h4 43.
g5 Qxg5 44. Ke2 h3 45. Rg4 Qe5+ 46. Kf2 Qh2+ 47. Ke3 Qxc2 48. Rxg7+ Kb6 49. Rg3
h2 50. Rh3 Qf5 51. Rh4 Qg5+ 52. Rf4 Qg1+ 53. Ke2 h1=Q 54. Bxh1 Qxh1 55. Rb4+
Kc7 56. Rf4 Qh2+ 57. Ke3 Qxf4+ 58. Kxf4 Kd6 59. Ke4 c5 60. Kd3 Kd5 0-1

[Event "34. Bayerische Senioren EM"]
[Site "Bergen im Chiemgau"]
[Date "2024.05.31"]
[Round "4.12"]
[White "Elbert, Gebhard"]
[Black "Oechslein, Rainer"]
[Result "1/2-1/2"]
[BlackElo "2097"]
[BlackTeam "SK Schweinfurt"]
[EventDate "2024.??.??"]
[PlyCount "31"]
[WhiteElo "1939"]
[WhiteTeam "SF 1967 Sailauf e.V."]

1. d4 g6 2. Nf3 Bg7 3. Nc3 c5 4. d5 d6 5. e4 Nf6 6. Be2 a6 7. a4 b6 8. O-O Nbd7
9. Nd2 Rb8 10. Re1 Qc7 11. f4 O-O 12. Nf3 c4 13. Nd4 Nc5 14. Bf3 e5 15. fxe5
dxe5 16. Nc6  1/2-1/2

[Event "34. Bayerische Senioren EM"]
[Site "Bergen im Chiemgau"]
[Date "2024.05.31"]
[Round "4.13"]
[White "Loibl, Johann"]
[Black "Jaeger, Andre"]
[Result "0-1"]
[BlackElo "1942"]
[BlackTeam "SC Rochade (Berlin)"]
[EventDate "2024.??.??"]
[PlyCount "60"]
[WhiteElo "1841"]
[WhiteTeam "ÖSTERREICH"]

1. e4 c5 2. b4 cxb4 3. a3 d5 4. exd5 Qxd5 5. Nf3 e6 6. Bb2 Nc6 7. Bd3 Nf6 8. O-O
Be7 9. axb4 Nxb4 10. Nc3 Qd8 11. Bc4 O-O 12. Nb5 Nc6 13. Ne5 a6 14. Nxc6 bxc6
15. Nd4 Bb7 16. Qe2 c5 17. Nf3 Qb6 18. Rfb1 Qc6 19. Qf1 Nd7 20. Ne5 Nxe5 21.
Bxe5 Rfd8 22. Bf4 Rd4 23. Rxb7 Qxb7 24. Be3 Rd7 25. Rxa6 Rxa6 26. Bxa6 Qb2 27.
g3 Ra7 28. Kg2 Qxc2 29. Qb5 Qe4+ 30. f3 Qa8  0-1

[Event "34. Bayerische Senioren EM"]
[Site "Bergen im Chiemgau"]
[Date "2024.05.31"]
[Round "4.14"]
[White "Lehmann, Edwin"]
[Black "Ernst, Michael"]
[Result "0-1"]
[WhiteElo "1933"]
[BlackElo "2092"]
[PlyCount "98"]
[EventDate "2024.??.??"]
[WhiteTeam "SK Königsspringer Emden"]
[BlackTeam "Klosterneuburg"]

{[%evp 0,98,16,-19,-22,-29,-33,-26,-36,-29,-19,-13,-6,-21,-5,-3,-6,-10,-15,-31,
-7,-42,-8,-6,-20,-11,-15,-11,2,-15,0,24,58,58,33,45,46,-20,-26,17,28,28,32,-89,
-87,-92,-95,-106,11,-81,-88,-81,-77,-107,-104,-89,-111,-85,-89,-101,-65,-128,
-135,-143,-171,-165,-175,-175,-152,-152,-149,-145,-148,-140,-133,-154,-148,
-224,-214,-225,-229,-271,-197,-219,-211,-211,-217,-262,-268,-323,-360,-382,
-311,-363,-456,-1011,-1012,-1012,-1011,-1376,-1228]} 1. f4 d5 2. Nf3 Bf5 3. e3
Nf6 4. b3 e6 5. Bb2 Be7 6. Be2 h6 7. Ne5 Nbd7 8. O-O O-O 9. d3 c6 10. Qe1 Qb6
11. Qg3 Nxe5 12. Bxe5 Ne8 13. Nd2 a5 14. a4 Bd6 15. Kh1 f6 16. Bb2 Bb4 17. Rad1
Qc5 18. c4 Bxd2 19. Rxd2 Qb4 20. Qe1 Qxb3 21. Bd1 Qb4 22. e4 dxe4 23. dxe4 Bg6
24. Qe3 Nd6 25. Rxd6 Qxd6 26. Ba3 Qd7 27. Bxf8 Rxf8 28. Bb3 Rd8 29. c5 Bf7 30.
f5 Qd3 31. Qxd3 Rxd3 32. Bxe6 Bxe6 33. fxe6 Re3 34. Kg1 Rxe4 35. Rb1 Rxe6 36.
Rxb7 Re5 37. Rc7 Rxc5 38. Kf2 Rc4 39. Ke3 Rxa4 40. Rxc6 Kf7 41. h3 g5 42. Rc3
h5 43. g3 Kg6 44. Kd3 Rb4 45. Kc2 a4 46. Ra3 Rb3 47. Rxb3 axb3+ 48. Kxb3 Kf5
49. Kc2 Ke4 0-1

[Event "34. Bayerische Senioren EM"]
[Site "Bergen im Chiemgau"]
[Date "2024.05.31"]
[Round "4.15"]
[White "Mayr, Günter"]
[Black "Kieffer, Joachim"]
[Result "0-1"]
[WhiteElo "1925"]
[BlackElo "2040"]
[PlyCount "116"]
[EventDate "2024.??.??"]
[WhiteTeam "RW Klettham SAB"]
[BlackTeam "SK Bruckmühl"]

{[%evp 0,116,16,29,69,51,43,9,20,-1,-1,40,43,-18,-19,-10,10,-7,-7,-17,-17,6,
-14,-13,-12,-19,-13,-28,-28,-37,-10,-26,10,-4,0,-69,-67,-62,-69,-101,-79,-80,
-78,-94,-94,-163,-154,-149,-140,-148,-138,-153,-120,-121,-108,-118,-113,-124,
-148,-173,-139,-169,-178,-177,-138,-149,-155,-182,-165,-217,-199,-234,-244,
-240,-256,-274,-223,-264,-227,-228,-258,-368,-269,-234,-194,-208,-256,-291,
-291,-291,-291,-423,-420,-463,-460,-463,-510,-809,-831,-847,-624,-666,-665,
-683,-643,-687,-695,-721,-704,-856,-886,-926,-955,-981,-998,-1713,-981,-993,
-1175]} 1. e4 c5 2. Nf3 Nc6 3. d4 cxd4 4. Nxd4 Nf6 5. Nc3 e5 6. Nb3 Bb4 7. Bg5
Bxc3+ 8. bxc3 h6 9. Bxf6 Qxf6 10. Bc4 Qg6 11. Qf3 d6 12. h3 O-O 13. Rd1 Bd7 14.
O-O Rad8 15. Rd2 b6 16. Rfd1 Bc8 17. Bd5 Ne7 18. Bc4 Kh8 19. Kh1 Bb7 20. Re1
Rd7 21. Qg4 Rc7 22. Bd3 Qxg4 23. hxg4 Rxc3 24. Kg1 Rd8 25. Red1 Kg8 26. f3 Kf8
27. Kf2 Nc6 28. a3 Ke7 29. g3 Bc8 30. Ra1 Be6 31. Nc1 Na5 32. Ne2 Rc5 33. Ke1
f6 34. Nc1 Rdc8 35. Na2 Nc6 36. Nb4 Nd4 37. Kf2 Rc3 38. f4 R8c5 39. f5 Bf7 40.
Ke3 Ra5 41. a4 b5 42. Rdd1 bxa4 43. Rdb1 a3 44. Kd2 Rc7 45. c3 Nb3+ 46. Rxb3
Bxb3 47. Bc2 Bf7 48. Nd5+ Bxd5 49. exd5 Rb7 50. c4 a2 51. Kc1 Kd7 52. Bd3 Ra3
53. Kc2 Rb4 54. Be2 Kc7 55. Bd3 Kb6 56. Be2 Kc5 57. Bd3 Rbb3 58. Be2 Rxg3 0-1

[Event "34. Bayerische Senioren EM"]
[Site "Bergen im Chiemgau"]
[Date "2024.05.31"]
[Round "4.16"]
[White "Beutelhoff, Josef"]
[Black "Schubert, Joachim"]
[Result "0-1"]
[WhiteElo "2032"]
[BlackElo "1926"]
[PlyCount "106"]
[EventDate "2024.??.??"]
[WhiteTeam "SF Olfen"]
[BlackTeam "TSG Oberschöneweide e.V."]

{[%evp 0,106,29,18,64,57,43,42,37,35,56,55,64,51,64,46,47,53,62,35,44,28,25,28,
39,40,28,5,9,-3,39,33,32,25,72,-3,36,41,56,-11,-4,-28,34,-15,-12,-17,-24,-15,0,
-2,0,4,11,0,0,0,10,16,47,14,7,5,10,12,13,13,13,18,22,26,29,26,29,31,26,35,29,
39,37,50,69,51,50,50,78,83,79,79,78,78,46,34,34,49,74,49,51,48,134,142,85,162,
170,130,167,77,72,80,221]} 1. d4 f5 2. c4 Nf6 3. Nc3 e6 4. g3 c6 5. Bg2 d5 6.
Nf3 Bd6 7. Qb3 O-O 8. O-O Qe8 9. c5 Bc7 10. Bf4 Bxf4 11. gxf4 Nbd7 12. Ne5 Qh5
13. Qd1 Qh4 14. e3 Ne4 15. Nxe4 fxe4 16. f3 g5 17. fxg5 Qxg5 18. f4 Qh4 19.
Qg4+ Qxg4 20. Nxg4 Kg7 21. Bh3 b6 22. b4 bxc5 23. bxc5 Rb8 24. Rfb1 Ba6 25. Bf1
Bxf1 26. Kxf1 h5 27. Nf2 Kf6 28. Rb3 Rb5 29. Rab1 Rxb3 30. Rxb3 Rb8 31. Rxb8
Nxb8 32. Ke2 Na6 33. Kd2 Ke7 34. Kc3 Kd7 35. Nh1 Ke7 36. h3 Kf7 37. Kb3 Nc7 38.
Kb4 Kg6 39. Ng3 Kh6 40. Nf1 Kg6 41. Nd2 Kf5 42. Nb3 Na6+ 43. Ka5 Nb8 44. a4 Kf6
45. Kb4 Ke7 46. Na5 Kd7 47. Nb7 Na6+ 48. Ka5 Nc7 49. Nd6 Kd8 50. Nf7+ Kc8 51.
Nd6+ Kd7 52. Kb4 Kd8 53. Nf7+ Kd7 {Zeitüberschreitung?} 0-1

[Event "34. Bayerische Senioren EM"]
[Site "Bergen im Chiemgau"]
[Date "2024.05.31"]
[Round "4.17"]
[White "Hansch, Klaus-Michael"]
[Black "Taube, Hubertus"]
[Result "0-1"]
[WhiteElo "1897"]
[BlackElo "2011"]
[PlyCount "104"]
[EventDate "2024.??.??"]
[WhiteTeam "SC Weisse Dame e.V."]
[BlackTeam "SK Neuperlach"]

{[%evp 0,104,29,29,73,69,69,64,41,26,18,0,18,-11,-13,3,6,-43,-26,-26,-12,-14,
16,22,41,28,28,26,40,56,40,-12,2,-12,32,28,24,34,31,32,29,34,32,31,43,39,64,62,
72,59,58,53,48,47,46,48,61,54,45,45,37,32,34,10,87,12,6,0,-21,-46,-46,-58,-62,
-62,-62,-62,-67,-64,-61,-51,-51,-97,-79,-92,-66,-80,-78,-146,-113,-202,-209,
-203,-123,-132,-266,-309,-80,-156,-143,-324,-402,-473,-516,-568,-571,-623,-725]
} 1. e4 c6 2. d4 d5 3. exd5 cxd5 4. Bd3 Nf6 5. h3 Nc6 6. c3 e5 7. dxe5 Nxe5 8.
Bc2 Bd6 9. Nf3 O-O 10. O-O Be6 11. Nbd2 Rc8 12. Nxe5 Bxe5 13. Nf3 Bb8 14. Bg5
h6 15. Be3 Ne4 16. Bd4 Ng5 17. Qd3 Nxf3+ 18. Qxf3 Qd6 19. Qg3 Qxg3 20. fxg3 b6
21. g4 Bd6 22. Rad1 Bc5 23. Bb3 b5 24. Bxc5 Rxc5 25. Rd4 a5 26. a3 Rd8 27. Rfd1
Kf8 28. Kf2 Ke7 29. Kg3 Kd6 30. Ba2 Rb8 31. R1d2 g5 32. Rf2 b4 33. cxb4 axb4
34. axb4 Rcb5 35. Rfd2 Rxb4 36. Rxb4 Rxb4 37. Kf2 d4 38. Bb1 Bd5 39. Bd3 Rb3
40. Ke1 Bxg2 41. Bc4 Re3+ 42. Kf2 Kc5 43. Bxf7 Bd5 44. Bxd5 Kxd5 45. Kg2 Ke4
46. Rc2 Kd3 47. Rc6 Re2+ 48. Kf3 Re3+ 49. Kg2 Ke2 50. Rf6 d3 51. Rf2+ Kd1 52.
b4 d2 0-1

[Event "34. Bayerische Senioren EM"]
[Site "Bergen im Chiemgau"]
[Date "2024.05.31"]
[Round "4.18"]
[White "Beckers, Manfred"]
[Black "Lechner, Otto"]
[Result "1/2-1/2"]
[BlackElo "1913"]
[BlackTeam "TSV Wertingen"]
[EventDate "2024.??.??"]
[PlyCount "64"]
[WhiteElo "1997"]
[WhiteTeam "SC Plüderhausen"]

1. e4 d6 2. d4 Nf6 3. Nc3 c6 4. Nf3 Qc7 5. Bf4 Bg4 6. h3 Bxf3 7. Qxf3 e5 8. dxe5
dxe5 9. Bg5 Nbd7 10. a3 Be7 11. Bc4 h6 12. Be3 b5 13. Bb3 a5 14. O-O g5 15. Qf5
Nf8 16. Rad1 Ng6 17. g3 Rd8 18. Rxd8+ Bxd8 19. Rd1 Be7 20. Bc5 Rf8 21. Bxe7
Kxe7 22. Rd3 Qc8 23. Qxc8 Rxc8 24. f3 Rc7 25. Kf2 Nd7 26. Rd2 Nc5 27. Ba2 Rd7
28. Rxd7+ Nxd7 29. Nd1 Kf8 30. Ne3 Ne7 31. b4 axb4 32. axb4 Kg7  1/2-1/2

[Event "34. Bayerische Senioren EM"]
[Site "Bergen im Chiemgau"]
[Date "2024.05.31"]
[Round "4.19"]
[White "Jiritschka, Wolfgang"]
[Black "Waltenberger, Udo"]
[Result "1-0"]
[BlackElo "1993"]
[BlackTeam "SV Eiche Reichenbrand"]
[EventDate "2024.??.??"]
[PlyCount "51"]
[WhiteElo "1882"]
[WhiteTeam "Bayer Leverkusen"]

1. Nf3 c5 2. g3 Nc6 3. d4 cxd4 4. Nxd4 g6 5. Bg2 Bg7 6. Nxc6 bxc6 7. c4 Nf6 8.
Nc3 O-O 9. O-O Bb7 10. e4 d6 11. Be3 Qd7 12. h3 Rfd8 13. Qd2 Ba6 14. b3 Rac8
15. Rad1 Ne8 16. Rfe1 c5 17. Bh6 Bb7 18. Bxg7 Nxg7 19. e5 Bxg2 20. Kxg2 Nf5 21.
exd6 Qb7+ 22. Qd5 Rb8 23. Qxb7 Rxb7 24. dxe7 Re8 25. Rd8 Ng7 26. Nd5  1-0

[Event "34. Bayerische Senioren EM"]
[Site "Bergen im Chiemgau"]
[Date "2024.05.31"]
[Round "4.20"]
[White "Biller, Helmut"]
[Black "Huber, Walter"]
[Result "1/2-1/2"]
[BlackElo "1894"]
[BlackTeam "SG Traunstein/Traunreut"]
[EventDate "2024.??.??"]
[PlyCount "46"]
[WhiteElo "1971"]
[WhiteTeam "SF Frankfurt"]

1. d4 Nf6 2. c4 e6 3. Nc3 Bb4 4. Qc2 b6 5. a3 Bxc3+ 6. Qxc3 Bb7 7. f3 d5 8. Bg5
Nbd7 9. e3 O-O 10. Bd3 c5 11. cxd5 Nxd5 12. Bxd8 Nxc3 13. Bxb6 Na4 14. Ba5 cxd4
15. exd4 Nxb2 16. Bb5 Nb6 17. Bxb6 axb6 18. Rb1 Na4 19. Ne2 Rfc8 20. Kd2 Bc6
21. Rhc1 Bxb5 22. Rxb5 Rxc1 23. Nxc1 Ra5  1/2-1/2

[Event "34. Bayerische Senioren EM"]
[Site "Bergen im Chiemgau"]
[Date "2024.05.31"]
[Round "4.21"]
[White "Fischer, Gerd"]
[Black "Königl, Anton"]
[Result "0-1"]
[BlackElo "1881"]
[BlackTeam "FC Ergolding"]
[EventDate "2024.??.??"]
[PlyCount "48"]
[WhiteElo "2022"]
[WhiteTeam "SC Ansbach"]

1. e4 c5 2. Nc3 Nc6 3. Nf3 d6 4. d4 cxd4 5. Nxd4 Nf6 6. Be2 g6 7. Be3 Bg7 8. O-O
O-O 9. a3 Bd7 10. f4 Rc8 11. Nxc6 Bxc6 12. Bf3 Nd7 13. Rf2 Nb6 14. Bd4 e5 15.
fxe5 dxe5 16. Bc5 Re8 17. Bg4 Ra8 18. Qf1 Qc7 19. Rd1 Rad8 20. Rfd2 Rxd2 21.
Rxd2 Rd8 22. Nb5 Bxb5 23. Qxb5 h5 24. Be2 Rxd2  0-1

[Event "34. Bayerische Senioren EM"]
[Site "Bergen im Chiemgau"]
[Date "2024.05.31"]
[Round "4.22"]
[White "Jachs, Walter"]
[Black "Hirstel, Serge"]
[Result "1/2-1/2"]
[BlackElo "1880"]
[BlackTeam "Hindisheim France"]
[EventDate "2024.??.??"]
[PlyCount "40"]
[WhiteElo "1964"]
[WhiteTeam "SC Haar"]

1. e4 e5 2. Nf3 Nf6 3. Nxe5 d6 4. Nf3 Nxe4 5. Nc3 Nxc3 6. dxc3 Be7 7. Be3 Nd7 8.
Qd2 O-O 9. O-O-O Nf6 10. h3 c5 11. c4 Bd7 12. Bg5 Qb6 13. Bd3 Be6 14. Rhe1 Rfe8
15. Kb1 Rad8 16. Qf4 d5 17. cxd5 Nxd5 18. Qh4 g6 19. Bxe7 Rxe7 20. Ng1 Qd6 
1/2-1/2

[Event "34. Bayerische Senioren EM"]
[Site "Bergen im Chiemgau"]
[Date "2024.05.31"]
[Round "4.23"]
[White "Aßmann, Norbert"]
[Black "Bartl, Bruno"]
[Result "1-0"]
[BlackElo "1845"]
[BlackTeam "SK Bruckmühl"]
[EventDate "2024.??.??"]
[PlyCount "81"]
[WhiteElo "1962"]
[WhiteTeam "SF 1967 Sailauf e.V."]

1. Nf3 d5 2. g3 c5 3. Bg2 Nc6 4. d3 Nf6 5. O-O g6 6. Nbd2 Bg7 7. c3 O-O 8. h3 b6
9. Qc2 Qc7 10. Re1 e5 11. a3 h6 12. b4 Be6 13. Bb2 Rad8 14. b5 Ne7 15. c4 d4
16. a4 Ne8 17. a5 Nd6 18. axb6 axb6 19. Ra6 f5 20. e3 e4 21. exd4 exf3 22. Rxe6
fxg2 23. dxc5 bxc5 24. Bxg7 Kxg7 25. Qc3+ Kg8 26. Qe5 Nxb5 27. Rxe7 Qxe5 28.
Rxg6+ Kh8 29. Rxh6+ Kg8 30. Rg6+ Kh8 31. Rxe5 Rxd3 32. cxb5 Rxd2 33. Rxc5 Kh7
34. Rg5 f4 35. Rh5+ Kg6 36. Rcg5+ Kf6 37. Rf5+ Kg6 38. Rxf8 Kxh5 39. Rxf4 Rb2
40. Rf5+ Kg6 41. g4  1-0

[Event "34. Bayerische Senioren EM"]
[Site "Bergen im Chiemgau"]
[Date "2024.05.31"]
[Round "4.24"]
[White "Weimer, Lothar"]
[Black "Mitschka, Manfred"]
[Result "0-1"]
[BlackElo "1876"]
[BlackTeam "SK Neuburg"]
[EventDate "2024.??.??"]
[PlyCount "52"]
[WhiteElo "1946"]
[WhiteTeam "SK Kriegshaber"]

1. d4 e6 2. c4 b6 3. e4 Bb4+ 4. Nd2 Bb7 5. f3 f5 6. exf5 Qh4+ 7. g3 Qxd4 8. fxe6
Nf6 9. a3 Bc5 10. Qe2 O-O 11. Nb3 Qd6 12. Bf4 Qc6 13. Nxc5 Qxc5 14. Qe5 Re8 15.
Qxc5 bxc5 16. Bxc7 Rxe6+ 17. Kd1 Nc6 18. Bh3 Re3 19. Ne2 Rae8 20. Nf4 Nd4 21.
Nd5 Nxd5 22. cxd5 Bxd5 23. Rf1 Bb3+ 24. Kc1 Re1+ 25. Kd2 R1e2+ 26. Kc1 Rxh2 
0-1

[Event "34. Bayerische Senioren EM"]
[Site "Bergen im Chiemgau"]
[Date "2024.05.31"]
[Round "4.25"]
[White "Zerweck, Christoph"]
[Black "Sonntagbauer, Manfred"]
[Result "1-0"]
[BlackElo "1645"]
[BlackTeam "SV Almtal"]
[EventDate "2024.??.??"]
[PlyCount "37"]
[WhiteElo "1917"]
[WhiteTeam "SV Herrenberg e.V."]

1. e4 d5 2. Nc3 dxe4 3. Nxe4 Bf5 4. Ng3 Bg6 5. Bc4 e6 6. Nf3 Be7 7. d4 Nd7 8.
O-O h6 9. Re1 Ngf6 10. Bf4 Nh5 11. Ne2 Nxf4 12. Nxf4 Bf5 13. d5 Nb6 14. Bb5+
Kf8 15. dxe6 c6 16. Bd3 Bxd3 17. Nxd3 f6 18. Nh4 Qe8 19. Nf4  1-0

[Event "34. Bayerische Senioren EM"]
[Site "Bergen im Chiemgau"]
[Date "2024.05.31"]
[Round "4.26"]
[White "Lindner, Helmut"]
[Black "Michalek, Barbara"]
[Result "0-1"]
[WhiteElo "1876"]
[BlackElo "1891"]
[PlyCount "78"]
[EventDate "2024.??.??"]
[WhiteTeam "SC Prichsenstadt"]
[BlackTeam "SK Lehrte"]

{[%evp 0,78,29,29,69,46,49,11,66,42,28,18,25,-12,24,23,24,5,9,-63,-63,-92,-79,
-106,-85,-101,-136,-127,-127,-221,-229,-233,-233,-264,-245,-386,-373,-390,-338,
-367,-375,-428,-399,-428,-377,-421,-420,-448,-438,-460,-420,-428,-436,-432,
-427,-429,-423,-433,-457,-455,-456,-465,-472,-567,-449,-487,-462,-460,-445,
-500,-526,-543,-537,-545,-555,-554,-531,-618,-651,-673,-635]} 1. e4 c5 2. Nc3
Nc6 3. f4 g6 4. Nf3 Bg7 5. Bb5 Nd4 6. O-O Nh6 7. d3 O-O 8. f5 gxf5 9. Bxh6 Bxh6
10. Nxd4 cxd4 11. Nd5 e6 12. Qh5 Qg5 13. Qxg5+ Bxg5 14. Nc7 Rb8 15. exf5 a6 16.
Ba4 Bd8 17. Rf3 Bxc7 18. Raf1 d5 19. Bb3 Bd7 20. f6 Kh8 21. Rh3 Rg8 22. Rh4 Rg6
23. Rf3 h6 24. c3 Be5 25. cxd4 Bxf6 26. Rhf4 Kg7 27. h4 h5 28. Bd1 Rh8 29. g3
Be8 30. Kh2 Be7 31. Rf2 Rf6 32. Kg2 Rxf4 33. Rxf4 f5 34. Rf2 Bf6 35. Rf4 Bb5
36. Be2 Rc8 37. Bxh5 Rc2+ 38. Kh3 Bxd3 39. g4 Be4 0-1

[Event "34. Bayerische Senioren EM"]
[Site "Bergen im Chiemgau"]
[Date "2024.05.31"]
[Round "4.27"]
[White "Langer, Raimund"]
[Black "Blumenstock, Axel"]
[Result "1/2-1/2"]
[WhiteElo "1637"]
[BlackElo "1885"]
[PlyCount "86"]
[EventDate "2024.??.??"]
[WhiteTeam "SF Kirchhellen 50/72"]
[BlackTeam "SF Taunus"]

{[%evp 0,86,29,29,51,56,56,49,41,27,23,34,88,88,95,68,71,48,64,42,23,42,30,-4,
22,22,4,17,20,1,1,-12,-12,-16,-1,2,29,13,28,10,64,35,36,38,32,38,87,86,116,116,
93,101,147,0,0,0,0,0,0,0,0,0,561,576,1043,1094,1117,1131,1174,1199,1195,1192,
29983,29984,29985,101,321,-17,34,-14,-15,-5,-5,-5,-1,0,0,0,0]} 1. e4 c5 2. Nf3
e6 3. d4 cxd4 4. Nxd4 Nc6 5. Nc3 Qc7 6. Be2 a6 7. a3 Nf6 8. O-O b5 9. Be3 Bb7
10. Nxc6 Bxc6 11. Bd3 d5 12. exd5 Nxd5 13. Nxd5 Bxd5 14. Qe2 Bd6 15. h3 O-O 16.
f4 f5 17. a4 Bc4 18. axb5 axb5 19. Bxc4 bxc4 20. Qf3 Rxa1 21. Rxa1 Bc5 22. Ra6
Rb8 23. Rxe6 Qd7 24. Re5 Bxe3+ 25. Qxe3 Rxb2 26. Qc3 Qd1+ 27. Kh2 Qxc2 28. Qf3
h6 29. Qd5+ Kh7 30. Rxf5 c3 31. Rf8 Ra2 32. Qg8+ Kg6 33. Qf7+ Kh7 34. Qg8+ Kg6
35. f5+ Kg5 36. Qxg7+ Kf4 37. Qd4+ Qe4 38. Qd6+ Qe5 39. Qxe5+ Kxe5 40. Rc8 c2
41. Kg3 Kxf5 42. Kf3 Kg5 43. Rc5+ Kf6 1/2-1/2